00489nam a2200157Ia 4500003000400000008004100004040001600045082002100061100002400082245009700106700001700203700001900220260005800239300001100297650002300308GCL140319s9999 xx 000 0 eng d aGCL / cGCL04a686.2254434bB D1 aBRADLEY, JULIA CASE10aDESKTOP PUBLISHING USING VENTUREA: PUBLISHER 3.2 - MACINTOSH VERSION / cBRADLEY, JULIA CASE1 aFLOYD, JONNE1 aSHERMAN, NANCY a[S.N] : bWM. C. BROWIN COMMUNICATIONS, INC ، c1993 a446 PP04aDESKTOP PUBLISHING